000 01717nam a2200253 4500
005 20180517135957.0
008 180511n sp a|||fr|||| 000 0 spa d
040 _aCO-BoUCM
_bspa
_cSandra Yazo
_dSandra Yazo
041 1 _aspa
082 0 4 _220
_a398.2
092 _aE46N024
245 0 4 _aLos fantasmas de la imaginación
_cVersión española de Florencio Janer
_bSegún los mejores autores de ciencias ocultas
260 _aMadrid (España)
_bImprenta de Gaspar y Roig
_c[fecha desconocida]
300 _a211 páginas
_bilustraciones
_c18 x 11 cm
490 0 _aBiblioteca científica creativa
500 _aDetalles físicos: Encuadernación rígida de calidad (holandesa): cartón duro forrado en papel jaspeado; lomo de cuero (verde): nervaduras sobre costuras. Letras y líneas decorativas en dorado. Guardas simulando papel de agua. Hoja de cortesía. Anteportada. Portada impresa en una sola tinta. Texto impreso en una sola columna. Grabados dentro del texto. Índice. Cinta para señalar la lectura. Pape manchado por oxidación
505 0 _aLas creencias populares ; Los genios tutelares y los espíritus domésticos ; Los enanos y los guardianes de tesoros escondidos ; Los espíritus de los campos y los genios de las aguas ; Las hadas ; Los héroes populares y románticos ; Los gigantes y los seres monstruosos ; Las auroras boreales y las batallas en el aire ; Los espectros ; Los talismanes mágicos ; De la fascinación y de los prestigios
506 _aConsulta en sala
650 7 _915563
_aFantasmas
_xFolclor
650 7 _935913
_aMitos y leyendas
690 _aCultura
_912390
700 1 _aJaner, Florencio
_d1831-1877
_992505
_etraductor
942 _2LOCAL
_cLIBRO
_e1
_hE46N024
999 _c309898
_d309898